[Event "Colmenarejo Spring op"]
[Site "Colmenarejo"]
[Date "2019.05.05"]
[Round "1.5"]
[White "Olmedo Aznar, Eduardo"]
[Black "Rodriguez Valdiviejas, Luis"]
[Result "1/2-1/2"]
[WhiteElo "1821"]
[BlackElo "1567"]
[PlyCount "78"]
[EventDate "2019.05.05"]
[EventType "swiss"]
[EventRounds "7"]
[EventCountry "ESP"]
[SourceTitle "EXT 2024"]
[Source "ChessBase"]
[SourceDate "2023.10.10"]
[SourceVersion "1"]
[SourceVersionDate "2023.10.10"]
[SourceQuality "1"]

1. e4 c5 2. d3 Nc6 3. Nd2 e6 4. Ngf3 d6 5. g3 Nf6 6. Bg2 Be7 7. 0-0 0-0 8. Re1 Qc7 9. Nf1 b6 10. c3 Bb7 11. h4 Rfd8 12. N1h2 h6 13. g4 Nh7 14. Bd2 Rac8 15. Qc1 Bf8 16. Bf4 e5 17. Bg3 Qe7 18. Nf1 Na5 19. Ne3 g6 20. h5 g5 21. Nf5 Qe6 22. Qd1 Nf6 23. Nd2 a6 24. Bf3 b5 25. d4 cxd4 26. cxd4 Nc4 27. d5 Qd7 28. b3 Nxd2 29. Qxd2 Rc5 30. Rac1 Rdc8 31. b4 Rc4 32. Rxc4 Rxc4 33. Qb2 Qc7 34. Ne3 Rc3 35. Kg2 Bc8 36. Re2 Bd7 37. Nf5 Qc8 38. Qd2 Rc4 39. Qb2 Qc7 1/2-1/2